The power of paper in graphic design

Bibliographic Details
Main Author: Fishel, Catherine
Format: Book
Language:English
Published: Gluocester, Mass : Rockport Publishers, Inc , 2002
Subjects:

MARC

LEADER 00000cam a2200000 7i4500
001 0000011773
005 20230714.0
008 030826 mau eng
020 |a 1564969339 (pbk) 
040 |a INS 
090 0 0 |a NC847   |b .F53 2002 
100 1 |a Fishel, Catherine 
245 1 4 |a The power of paper in graphic design   |c Catherine Fishel 
260 |a Gluocester, Mass :   |b Rockport Publishers, Inc ,   |c 2002 
300 |a 192 p. :   |b col. ill. ;   |c 28 cm. 
650 0 |a Paper work 
650 0 |a Paper   |x Graphic arts 
999 |a 0000011427   |b BOOK   |c Open Shelf   |e Default branch 
999 |a 0000015392   |b BOOK   |c Open Shelf   |e Default branch